<?xml version="1.0" encoding="UTF-8"?><?xml-stylesheet type="text/xsl" href="static/style.xsl"?><OAI-PMH xmlns="http://www.openarchives.org/OAI/2.0/" xmlns:xsi="http://www.w3.org/2001/XMLSchema-instance" xsi:schemaLocation="http://www.openarchives.org/OAI/2.0/ http://www.openarchives.org/OAI/2.0/OAI-PMH.xsd"><responseDate>2026-04-17T11:50:18Z</responseDate><request verb="GetRecord" identifier="oai:www.recercat.cat:2445/69424" metadataPrefix="marc">https://recercat.cat/oai/request</request><GetRecord><record><header><identifier>oai:recercat.cat:2445/69424</identifier><datestamp>2026-04-08T14:24:58Z</datestamp><setSpec>com_2072_1057</setSpec><setSpec>col_2072_478815</setSpec><setSpec>col_2072_478917</setSpec></header><metadata><record xmlns="http://www.loc.gov/MARC21/slim" xmlns:dcterms="http://purl.org/dc/terms/" xmlns:xsi="http://www.w3.org/2001/XMLSchema-instance" xmlns:doc="http://www.lyncode.com/xoai" xsi:schemaLocation="http://www.loc.gov/MARC21/slim http://www.loc.gov/standards/marcxml/schema/MARC21slim.xsd">
   <leader>00925njm 22002777a 4500</leader>
   <datafield ind2=" " ind1=" " tag="042">
      <subfield code="a">dc</subfield>
   </datafield>
   <datafield ind2=" " ind1=" " tag="720">
      <subfield code="a">García Celma, Ma José</subfield>
      <subfield code="e">author</subfield>
   </datafield>
   <datafield ind2=" " ind1=" " tag="720">
      <subfield code="a">Monge i Azemar, Marta</subfield>
      <subfield code="e">author</subfield>
   </datafield>
   <datafield ind2=" " ind1=" " tag="720">
      <subfield code="a">Montanyà Tanyà, Núria</subfield>
      <subfield code="e">author</subfield>
   </datafield>
   <datafield ind2=" " ind1=" " tag="260">
      <subfield code="c">2016-02-15T15:43:34Z</subfield>
   </datafield>
   <datafield ind2=" " ind1=" " tag="260">
      <subfield code="c">2016-02-15T15:43:34Z</subfield>
   </datafield>
   <datafield ind2=" " ind1=" " tag="260">
      <subfield code="c">2015-02</subfield>
   </datafield>
   <datafield ind2=" " ind1=" " tag="520">
      <subfield code="a">Podeu consultar la Vuitena trobada de professorat de Ciències de la Salut completa a: http://hdl.handle.net/2445/66524</subfield>
   </datafield>
   <datafield ind2=" " ind1=" " tag="520">
      <subfield code="a">Se ha realizado un estudio comparativo del aprendizaje alcanzado por los&#xd;
alumnos de dos Másters oficiales en dos asignaturas de la misma área de&#xd;
conocimiento, en función de los estudios previos cursados por los alumnos y de&#xd;
otros factores. Las asignaturas estudiadas han sido: “Desarrollo y formulación&#xd;
de formas farmacéuticas” en el Máster oficial de Investigación, Desarrollo y&#xd;
Control de Medicamentos y “Nanotecnología farmacéutica” en el Máster oficial&#xd;
“Nanociencia y Nanotecnología”, durante los cursos académicos 2010-11,&#xd;
2011-12, 2012-13, 2013-14. Ambas asignaturas, de 5 ECTS, abarcan&#xd;
competencias relacionadas con la adquisición e integración de conocimientos,&#xd;
habilidades y aptitudes relacionados con la Farmacia Galénica...</subfield>
   </datafield>
   <datafield tag="653" ind2=" " ind1=" ">
      <subfield code="a">Estudis de màster</subfield>
   </datafield>
   <datafield tag="653" ind2=" " ind1=" ">
      <subfield code="a">Avaluació dels estudiants</subfield>
   </datafield>
   <datafield tag="653" ind2=" " ind1=" ">
      <subfield code="a">Ciències de la salut</subfield>
   </datafield>
   <datafield tag="653" ind2=" " ind1=" ">
      <subfield code="a">Ensenyament</subfield>
   </datafield>
   <datafield tag="653" ind2=" " ind1=" ">
      <subfield code="a">Congressos</subfield>
   </datafield>
   <datafield tag="653" ind2=" " ind1=" ">
      <subfield code="a">Masters degrees</subfield>
   </datafield>
   <datafield tag="653" ind2=" " ind1=" ">
      <subfield code="a">Rating of students</subfield>
   </datafield>
   <datafield tag="653" ind2=" " ind1=" ">
      <subfield code="a">Medical sciences</subfield>
   </datafield>
   <datafield tag="653" ind2=" " ind1=" ">
      <subfield code="a">Teaching</subfield>
   </datafield>
   <datafield tag="653" ind2=" " ind1=" ">
      <subfield code="a">Congresses</subfield>
   </datafield>
   <datafield ind2="0" ind1="0" tag="245">
      <subfield code="a">Evaluación del aprendizaje en asignaturas de máster con alumnos procedentes de diferentes grados.</subfield>
   </datafield>
</record></metadata></record></GetRecord></OAI-PMH>